000 00453cam a22001457a 4500
008 180718b2006 xxu||||| |||| 00| 0 eng d
020 _a0195680162
082 _aAB7x54 R812
245 _aIslam in history and politics: perspectives from South Asia
_cedited by Asim Roy
260 _aNew Delhi
_bOxford Univ. Press
_c2006
300 _a225p.
650 _aIslam and politics - South Asia
650 _aIslam - South Asia - History
700 _aRoy, Asim
999 _c406124
_d406124